La República o el estado.
Saved in:
| 主要作者: | |
|---|---|
| 其他作者: | |
| 格式: | 圖書 |
| 出版: |
Barcelona, España:
Iberia,
1966.
|
| 版: | Cuarta edición. |
| 叢編: | Obras Maestras.
|
| 主題: | |
| 標簽: |
添加標簽
沒有標簽, 成為第一個標記此記錄!
|
MARC
| LEADER | 00000nam a22000007a 4500 | ||
|---|---|---|---|
| 001 | UCE8694 | ||
| 003 | CL-VaPUC | ||
| 005 | 20230308111226.0 | ||
| 008 | 230308t1966 ||||| |||| 00| 0 eng d | ||
| 999 | |c 440046 |d 440044 | ||
| 040 | |c Pontificia Universidad Católica de Valparaíso | ||
| 082 | 0 | 4 | |a 184 PLA 1966 |2 21 |
| 100 | 0 | |a Platón |e autor |9 222 | |
| 245 | 1 | 3 | |a La República o el estado. |
| 250 | |a Cuarta edición. | ||
| 260 | |a Barcelona, España: |b Iberia, |c 1966. | ||
| 300 | |a 384 páginas. | ||
| 490 | 0 | |a Obras Maestras. | |
| 500 | |a c.1 Donación MEM- DER Nº81 -11-10-2019 ( Prof. Jorge Precht Pizarro) | ||
| 583 | |c 20230308 |k GC | ||
| 650 | 0 | |a Utopías |9 255961 | |
| 650 | 0 | |a Filosofía antigua |9 255705 | |
| 650 | 0 | |a Ciencias Políticas |9 255201 | |
| 700 | |a Palau, Enrique |9 866003 |e versión establecida a la vista de los textos más autorizados |e prólogo |e notas | ||
| 942 | |c BK |2 ddc | ||
| 952 | |0 0 |1 0 |2 ddc |4 0 |6 184_000000000000000_PLA_1966 |7 0 |8 A |9 588897 |a BIBDER |b BIBDER |c GEN |d 2023-03-08 |i 5609933 |l 1 |o 184 PLA 1966 |p 5609933 |r 2023-03-16 |s 2023-03-15 |t 1 |w 2023-03-08 |y BK |k DER | ||